000 00581nam a2200229Ia 4500
003 OSt
005 20220924152006.0
006 a|||||r|||| 00| 0
007 ta
008 220923b |||||||| |||| 00| 0 mar d
024 _a340302
037 _cTextual
040 _aARTS
_cARTS
_bmar
041 _2mar
_amar
082 _aO155,1N232,12, K0
100 _aRege Sadanand
_9225414
245 0 _aGandharv
260 _c1960
650 _aMARATHI LITERATURE
_938000
942 _hO155,1N232,12, K0
_cTEXL
_2CC
999 _c468344
_d468344